1561 1136 1812 1922 1603 1588 1297 1245 1580 1312 1284 1124 1487 1866 1144 1324 1621 1582 1076 1148 1078 1212 1104 1585 1737 1059 1417 1127 1319 1130 1500 1169 1917 1555 1255 1673 1439 1710 1342 1228 1191 1099 1470 1513 1218 1252 1098 1841 1172 1008 1097 1762 1567 1080 1766 1988 1595 1566 1312 1855 1722 1250 1529 1836 1485 1129 1527 1120 1362 1002 1509 1084 1076 1169 1729 1921 1130 1272 1261 1360 1953 1329 1380 1573 1650 1870 1565 1262 1605 1031 1455 1785 1122 1244 1164 1130 1093 1597 1910 BCNSPRNW ULIB Ver.6.0+V

เปลี่ยนเป็นภาษาไทย

Change to English
 แสดงรายละเอียดบรรณานุกรม
  กลับหน้าหลัก

Brief Record : Get Marc (ISO 2709) : E-mail record : QR code < ปิดหน้าต่าง
LEADER : 00000nam 2200000uu 4500
001    13399128595
003     ULIB
008    230912s2564||||th 000 0 tha d
020  & ^a9789744229748
060  & ^aWI195^bอ623
245 00 ^aEssentials of gastroenterology and hepatology /^cบรรณาธิการ อภิเชษฐ์ ศิรินวเสถียร, กนกพจน์ จันทร์ภิวัฒน์, ธันยพร ฉันทโรจน์ศิริ.
250  & ^aพิมพ์ครั้งที่ 1.
260  & ^aกรุงเทพฯ : ^bงานโรคทางเดินอาหาร กลุ่มงานอายุรศาสตร์โรงพยาบาลราชวิถี กรมการแพทย์ ภาควิชาอายุรศาสตร์ สถาบันร่วมผลิตแพทย์ กรมการแพทย์ มหาวิทยาลัยรังสิต,^c2564
300  & ^a448 หน้า :^bภาพประกอบ.
650 4  ^aโรคกระเพาะอาหารและลำไส้^xการวินิจฉัย.
650 4  ^aโรคตับ^xการวินิจฉัย.
650 4  ^aโรคกระเพาะอาหารและลำไส้^xการรักษา.
650 4  ^aโรคตับ^xการรักษา.
700 0  ^aอภิเชษฐ์ ศิรินวเสถียร.
700 0  ^aกนกพจน์ จันทร์ภิวัฒน์.
700 0  ^aธันยพร ฉันทโรจน์ศิริ.
710 2  ^aโรงพยาบาลราชวิถี.^bงานโรคทางเดินอาหาร.
710 2  ^aมหาวิทยาลัยรังสิต.^bภาควิชาอายุรศาสตร์.
945    ^p500^l0^i29811
945    ^p500^l0^i29812
945    ^p500^l0^i29813
945    ^p500^l0^i29814
945    ^p500^l0^i29815
999    ^aกัณชพร จุลอักษร
รายการนี้ยังไม่มีแท็ก
คุณยังไม่ได้ล็อกอิน คุณสามารถมีกิจกรรมร่วมกับเว็บไซต์ได้ แต่ต้องล็อกอินก่อน ::
  ล็อกอิน

รายการสื่อสารสนเทศ

ลำดับที่ ประเภท เลขเรียก/บาร์โค้ด สถานที่ สถานะ
1. หนังสือสำรอง
หนังสือสำรอง
WI195 อ623 ฉ.1 
  Barcode: 29811
ห้องสมุดวิทยาเขตนครสวรรค์
►หนังสือทั่วไป:l:General Books
บนชั้น
2. วิทยาศาสตร์การแพทย์ และสุขภาพ
วิทยาศาสตร์การแพทย์ และสุขภาพ
WI195 อ623 ฉ.2 
  Barcode: 29812
ห้องสมุดวิทยาเขตนครสวรรค์
►หนังสือทั่วไป:l:General Books
บนชั้น
3. วิทยาศาสตร์การแพทย์ และสุขภาพ
วิทยาศาสตร์การแพทย์ และสุขภาพ
WI195 อ623 ฉ.3 
  Barcode: 29813
ห้องสมุดวิทยาเขตนครสวรรค์
►หนังสือทั่วไป:l:General Books
บนชั้น
4. วิทยาศาสตร์การแพทย์ และสุขภาพ
วิทยาศาสตร์การแพทย์ และสุขภาพ
WI195 อ623 ฉ.4 
  Barcode: 29814
ห้องสมุดวิทยาเขตนครสวรรค์
►หนังสือทั่วไป:l:General Books
บนชั้น
5. วิทยาศาสตร์การแพทย์ และสุขภาพ
วิทยาศาสตร์การแพทย์ และสุขภาพ
WI195 อ623 ฉ.5 
  Barcode: 29815
ห้องสมุดวิทยาเขตนครสวรรค์
►หนังสือทั่วไป:l:General Books
บนชั้น

รายการใกล้เคียง
    ชื่อเรื่อง [Essentials of gastroenterology and hepatology / บรรณาธิการ อภิเชษฐ์ ศิรินวเสถียร, กนกพจน์ จันทร์ภิวัฒน์, ธันยพร ฉันทโรจน์ศิริ.]

    หัวเรื่อง [โรคกระเพาะอาหารและลำไส้ การวินิจฉัย.]
    หัวเรื่อง [โรคตับ การวินิจฉัย.]
    หัวเรื่อง [โรคกระเพาะอาหารและลำไส้ การรักษา.]
    หัวเรื่อง [โรคตับ การรักษา.]

BibComment


ยังไม่เคยถูกคอมเมนท์

คอมเมนท์ทรัพยากรรายการนี้
  คอมเมนท์: Essentials of ga..


 Copyright 2026. Bcnsprnw @Library